000 00766nam a2200253 i 4500
001 C2-0117083
003 PPAK
005 20180727110300.0
008 970722s1994 my a|||| ||||| | eng d
020 _a9676528366
040 _aPPAK
_beng
_cPPAK
_erda
082 0 4 _a305.409595
_223
090 0 0 _a305.409595
_bROZ
_dG
100 0 _aRoziah Omar,
_eauthor
245 1 4 _aThe malay woman in the body :
_bbetween biology and culture
264 1 _aKuala Lumpur :
_bFajar Bakti ,
_c1994
300 _axiii, 103 pages :
_billustrations ;
_c21 cm
336 _2rdacontent
_atext
337 _2rdamedia
_aunmediated
338 _2rdacarrier
_avolume
500 _aBibliography pages : 93-101 ; Includes indexes
650 1 0 _aWomen, Malay - Malaysia.
942 _ddc
_cB
999 _c31152
_d31152